| 000 | 00583nam a22001931a 4500 | ||
|---|---|---|---|
| 001 | 7414 | ||
| 003 | OSt | ||
| 005 | 20260204212129.0 | ||
| 008 | 071117s2004||||sp ||||||b||||||||||spa|| | ||
| 020 | _a8497541928 | ||
| 050 | _a371.397 L271v | ||
| 100 | _aLaniado, Nessia | ||
| 245 | _aVideo juegos, internet y televisión: cómo evitar sus efectos perjudiciales en nuestros hijos / Nessia Laniado y Gianfilippo Pietra | ||
| 264 | _aBarcelona : Oniro | ||
| 300 | _a123 p | ||
| 500 | _aIncluye bibliografía | ||
| 650 | _aJuegos Educativos 2.Juegos ElectrónicosÌ | ||
| 942 |
_2ddc _cBK |
||
| 999 |
_c7414 _d7414 |
||